00947nam a2200181 a 4500020002800000020001600028082001600044100001800060245001800078250001200096260002900108300001300137490002400150520048500174650001700659700001900676856007000695 a978817649171(paperback) a 8176492175 a574.192 HAM1 aHames, David.10aBiochemistry  a2nd ed. aIndiabViva booksc2003. a422 p. ;1 aBios instant notes. aA major update of the highly popular second edition, with changes in the content and organisation that reflect advances in the subject. As with the first two editions, the third edition of Instant Notes in Biochemistry provides the essential facts of biochemistry with detailed explanations and clear illustrations. It also includes new and expanded topics such as cytoskeleton, molecular motors, bioimaging, biomembranes, cell signaling, protein structure and enzymes regulation. abiochemistry1 aHooper, Nigel.40uhttp://www.amazon.com/exec/obidos/ASIN/0415367786/chopaconline-20